000 00724nam a2200193 a 4500
008 060316s1981 ||||||||||||||||| || u
020 _a0080263380
050 _aTJ 163.2 Mor
100 _aAndrews, Elizabeth S
245 1 0 _aRenewable resource utilization for development
260 _aNew York :
_bPergamon Press
_c1981
300 _axxix, 394 p. : ill.
350 _a0.00
490 _aPergamon policy studies on international development
650 _aRENEWABLE ENERGY SOURCES - DEVELOPING COUNTRIES
700 _aIcerman, L
700 _aMorgan, Robert P
995 _D0.00
_FCBU-MAIN LIBRARY (Kitwe)
_H1
_I26.00
_UAVAILABLE
_ZMain Library Open Access Collection
999 _c56064
_d56064